Coups d'Etat - Name the Country - Statistics

General Stats
  • This quiz has been taken 27,710 times
  • The average score is 13 of 19
Answer Stats
Year Leader Country % Correct
1799 Napoleon Bonaparte  France
99%
1923 Adolf Hitler Germany
99%
1922 Benito Mussolini Italy
98%
49 BC Julius Caesar Rome
96%
1936 Francisco Franco Spain
87%
1969 Muammar al-Gaddafi Libya
85%
1992 Hugo Chavez Venezuela
83%
1688 William of Orange England
77%
1961 Park Chung Hee South Korea
72%
1973 Augusto Pinochet Chile
65%
1953 Mohammad Reza Shah Iran
64%
1944 Claus von Stauffenberg Germany
62%
1971 Idi Amin Uganda
57%
1933 Fulgencio Batista Cuba
51%
1958 Ayub Khan Pakistan
37%
1992 Alberto Fujimori Peru
36%
1999 Pervez Musharraf Pakistan
35%
1960 Mobutu Sese Seko Congo
32%
2005 King Gyanendra Nepal
20%
No matching quizzes found
Score Distribution
Percent of People with Each Score
Percentile by Number Answered
Your Score History
You have not taken this quiz